Les personnages de Black Panther - Statistiques

Statistiques générales
  • Ce quiz a été pris 103 fois
  • Le résultat moyen est 7 sur 16
Statistiques - réponses
Réponse % Correct
T'Challa/Black Panther
95%
Shuri
81%
Okoye
71%
Erik Killmonger
68%
M'Baku
52%
Nakia
52%
T'Chaka
52%
Ramonda
40%
Everett K. Ross
30%
Zuri
29%
W'Kabi
24%
Ulysse Klaue
22%
Ayo
17%
James "Bucky" Barnes
17%
N'Jobu
17%
Stan Lee
3%
Aucun quiz correspondant
Distribution des résultats
% des personnes avec chaque résultat
Percentile par nombre de réponses
Votre historique - résultats
Vous n’avez pas pris ce quiz